[Event "45th Capablanca Mem Open"]
[Site "Havana CUB"]
[Date "2010.06.19"]
[Round "9"]
[White "Ramon Pita,V"]
[Black "Perez Perez,O"]
[Result "1-0"]
[WhiteElo "2267"]
[BlackElo "2318"]
[EventDate "2010.06.10"]

1. d4 d5 2. Nf3 Nf6 3. e3 Bg4 4. c4 e6 5. Qb3 Qc8 6. Ne5 Bf5 7. Nc3 c6 8.
Bd2 Nbd7 9. cxd5 exd5 10. Rc1 Be7 11. f4 O-O 12. Be2 b6 13. Bf3 Be6 14. O-O
Qb7 15. f5 Bxf5 16. Nxc6 Bd6 17. Nxd5 Be4 18. Nce7+ Kh8 19. Nxf6 Nxf6 20.
Nf5 Bb8 21. Bb4 Re8 22. Nd6 Bxd6 23. Bxd6 Rac8 24. Rxc8 Rxc8 25. Bb4 Bxf3
26. gxf3 Qd7 27. Bd2 h5 28. Qd3 Qa4 29. a3 a5 30. e4 b5 31. Rc1 Rxc1+ 32.
Bxc1 b4 33. b3 Qd7 34. axb4 axb4 35. Bd2 Qa7 36. Bxb4 Qa1+ 37. Kg2 h4 38.
Bd2 Qd1 39. Qe3 Nh5 40. Qf2 f6 41. b4 g5 42. h3 Ng3 43. Be1 Qd3 44. d5 Kg7
45. Qa7+ Kg6 46. Bxg3 hxg3 47. Kxg3 Qb1 48. Qd4 Qe1+ 49. Kg2 Qe2+ 50. Qf2
Qb5 51. Qd2 Kf7 52. d6 Ke8 53. Kf2 Qb6+ 54. Kf1 Qb5+ 55. Ke1 Kd7 56. Qd4
Qa4 57. Qc5 Qa1+ 58. Kf2 Qb2+ 59. Kg3 Ke6 60. Qd5+ Kd7 61. b5 Qc3 62. Qc6+
Qxc6 63. bxc6+ Kxc6 64. Kg4 Kxd6 65. Kf5 Ke7 66. e5 fxe5 67. Kxe5 1-0

[Event "45th Capablanca Mem Open"]
[Site "Havana CUB"]
[Date "2010.06.19"]
[Round "9"]
[White "Flaquer,L"]
[Black "Pulvett,D"]
[Result "0-1"]
[WhiteElo "2316"]
[BlackElo "2243"]
[EventDate "2010.06.10"]

1. e4 c5 2. Nf3 e6 3. d4 cxd4 4. Nxd4 a6 5. Nc3 Qc7 6. Be2 Nc6 7. O-O Nf6
8. Kh1 d6 9. f4 Be7 10. a4 O-O 11. Be3 Re8 12. Qe1 e5 13. fxe5 dxe5 14. Nf5
Bxf5 15. Rxf5 Nd4 16. Rxf6 Bxf6 17. Bd3 Rac8 18. Nd5 Qd6 19. Qf2 b5 20.
axb5 axb5 21. c3 Nb3 22. Rf1 Nc5 23. Bxb5 Red8 24. Bxc5 Rxc5 25. c4 Rb8 26.
Rd1 Rcc8 27. b4 Kf8 28. Qf5 Kg8 29. Qf1 Bg5 30. c5 Qg6 31. Bd7 Qxe4 32.
Bxc8 Rxc8 33. Qf3 Qc2 34. Rf1 Rf8 35. Nb6 e4 36. Qf5 Qe2 37. Rg1 Bh4 38. c6
Bf2 39. c7 Bxg1 40. c8=Q Qe1 41. Qxf8+ Kxf8 42. Qc8+ Ke7 43. Qd7+ Kf6 44.
Qd6+ Kg5 45. h4+ Kg4 46. Qd7+ Kxh4 47. g3+ Qxg3 48. Qe7+ Kh5 49. Qxf7+ Kh6
50. Qe6+ g6 0-1

[Event "45th Capablanca Mem Open"]
[Site "Havana CUB"]
[Date "2010.06.19"]
[Round "9"]
[White "Pedersen,F"]
[Black "Garcia Fuentes,S"]
[Result "1-0"]
[WhiteElo "2315"]
[BlackElo "2169"]
[EventDate "2010.06.10"]

1. Nf3 d5 2. d4 Nc6 3. Bf4 Bg4 4. Nbd2 e6 5. e3 Bd6 6. Bxd6 cxd6 7. c4 dxc4
8. Bxc4 Nge7 9. O-O O-O 10. h3 Bh5 11. a3 a6 12. b4 b5 13. Be2 Qb6 14. Ne4
Rfd8 15. Qb3 Rab8 16. Rfc1 Nd5 17. Nc3 Nce7 18. Nd1 a5 19. bxa5 Qxa5 20. e4
Nf4 21. Bf1 d5 22. e5 Bxf3 23. Qxf3 Nfg6 24. Ne3 Qa4 25. Qd1 Qxd1 26. Rxd1
b4 27. a4 Nc6 28. Rac1 Nge7 29. Rc5 b3 30. Bb5 b2 31. Nc2 Na5 32. Rb1 Nc4
33. Ne3 Nc8 34. Nxc4 dxc4 35. Rxb2 Nb6 36. Rd2 Ra8 37. Bc6 Ra7 38. a5 Nd5
39. Bxd5 exd5 40. Rb2 g6 41. Rbb5 Kg7 42. Rxd5 Rc8 43. Rdc5 Rac7 44. Kf1
1-0

[Event "45th Capablanca Mem Open"]
[Site "Havana CUB"]
[Date "2010.06.19"]
[Round "9"]
[White "Larrua Gonzalez,F"]
[Black "Frometa Castillo,Z"]
[Result "0-1"]
[WhiteElo "2310"]
[BlackElo "2109"]
[EventDate "2010.06.10"]

1. d4 d5 2. Nf3 e6 3. c4 Nf6 4. e3 Bd6 5. Nbd2 b6 6. Bd3 Bb7 7. b3 Nbd7 8.
Bb2 Ne4 9. O-O O-O 10. Bc2 f5 11. Ne5 Nxd2 12. Qxd2 Nxe5 13. dxe5 Bc5 14.
Rfd1 Qg5 15. f4 Qxf4 16. Re1 Qg4 17. cxd5 Bxd5 18. Rac1 Rad8 0-1

[Event "45th Capablanca Mem Open"]
[Site "Havana CUB"]
[Date "2010.06.19"]
[Round "9"]
[White "Lemes Rosales,Lazaro"]
[Black "Fernandez Hernandez,A"]
[Result "0-1"]
[WhiteElo "2214"]
[BlackElo "2303"]
[EventDate "2010.06.10"]

1. e4 c5 2. Nf3 d6 3. d4 cxd4 4. Nxd4 Nf6 5. Nc3 a6 6. Be2 e5 7. Nb3 Be7 8.
Bg5 Nbd7 9. a4 b6 10. Bc4 Bb7 11. Qe2 O-O 12. O-O Nxe4 13. Nxe4 Bxg5 14.
Nxd6 Qc7 15. Rfd1 Nf6 16. Nxb7 Qxb7 17. Qxe5 Rac8 18. Bd5 Nxd5 19. Qxd5 Qe7
20. c3 Rfd8 21. Qf3 Bf6 22. Rxd8+ Rxd8 23. Rd1 h6 24. g3 Kh7 25. Rxd8 Qxd8
26. Kg2 Qd7 27. Qe4+ g6 28. Qc4 Qb7+ 29. f3 Kg7 30. Nd4 a5 31. Qc6 Qb8 32.
Nb5 Be5 33. f4 Bf6 34. Nc7 Bd8 35. Nd5 h5 36. Kf3 h4 37. gxh4 Bxh4 38. Qxb6
Qa8 39. Qd4+ Kg8 40. Ke2 Qb8 41. Nb6 Bd8 42. Nc4 Bc7 43. Kf3 Qb3 44. Ne3
Qxb2 45. Nd5 Qb7 46. Qe4 Kf8 47. Ke3 Bb8 48. Qc4 Ba7+ 49. Kf3 Qb1 50. Kg2
Qc2+ 51. Kf3 Qf2+ 52. Ke4 Qe1+ 53. Kf3 Kg7 54. Qb5 Qd1+ 55. Kg3 Kh6 56. Nf6
Qg1+ 57. Kf3 Qf2+ 58. Ke4 Qe3+ 0-1

[Event "45th Capablanca Mem Open"]
[Site "Havana CUB"]
[Date "2010.06.19"]
[Round "9"]
[White "Vigoa Apecheche,Yan"]
[Black "Cancio Bello Ayes,F"]
[Result "1/2-1/2"]
[WhiteElo "2302"]
[BlackElo "2075"]
[EventDate "2010.06.10"]

1. Nf3 Nf6 2. c4 e6 3. d4 b6 4. e3 c5 5. Bd3 Bb7 6. Nbd2 d6 7. O-O g6 8. b4
Bg7 9. Rb1 O-O 10. a3 Re8 11. Bc2 Nbd7 12. Ba4 Rc8 13. Bb2 Ne4 14. dxc5
Bxb2 15. Nxe4 Bxe4 16. Rxb2 Bxf3 17. gxf3 bxc5 18. Rd2 Rf8 19. Bxd7 Qxd7
20. Rxd6 Qe7 21. b5 Rfd8 22. Rxd8+ Rxd8 23. Qe2 Qg5+ 24. Kh1 Qf6 25. Rc1
Rd6 26. Rd1 Rxd1+ 27. Qxd1 Qb2 28. Kg2 Qxa3 29. Qd8+ Kg7 30. Qc7 g5 31. h3
h6 32. Qe5+ Kg6 33. Qc7 Kg7 34. Qe5+ Kg6 35. Qe4+ Kg7 36. h4 gxh4 37. Qg4+
Kh7 38. Qh5 Kg7 39. Qe5+ Kg6 40. Qe4+ Kg7 41. Qe5+ Kg6 42. Qc7 Kg7 43. Qe7
Kg6 44. Qxh4 Qc3 1/2-1/2

[Event "45th Capablanca Mem Open"]
[Site "Havana CUB"]
[Date "2010.06.19"]
[Round "9"]
[White "Guerrero,An"]
[Black "Hernandez Fernandez,Ra"]
[Result "1/2-1/2"]
[WhiteElo "2164"]
[BlackElo "2301"]
[EventDate "2010.06.10"]

1. e4 c5 2. Nf3 Nc6 3. Nc3 d6 4. d4 cxd4 5. Nxd4 Nf6 6. Be2 e5 7. Nb3 Be7
8. O-O O-O 9. f4 a5 10. a4 Nb4 11. Kh1 Qb6 12. Nd2 exf4 13. Nc4 Qc6 14.
Bxf4 d5 15. exd5 Nfxd5 16. Nxd5 Nxd5 17. Bf3 Be6 18. Ne5 Qc5 19. Nd7 Bxd7
20. Qxd5 Qxd5 21. Bxd5 Rac8 22. c3 Bc6 23. Rfd1 Bf6 24. Kg1 g5 25. Be3 Rfe8
26. Kf2 Re5 27. Bxc6 Rxc6 28. Rd7 Rce6 29. Re1 g4 30. Bd2 Rf5+ 31. Kg1
Rxe1+ 32. Bxe1 b5 33. axb5 Rxb5 34. b4 axb4 35. cxb4 Kg7 36. Kf2 h5 37. Bd2
Kg6 38. Rd6 Kf5 39. g3 Ke5 40. Ra6 Bd8 41. Ra8 Bb6+ 42. Kg2 Ke4 43. Rb8 Kd3
44. Be1 Re5 45. Rxb6 Rxe1 46. Rf6 Re2+ 47. Rf2 Re7 48. Rf5 Rb7 49. b5 Ke4
50. Rxh5 f5 51. h3 gxh3+ 52. Kxh3 Rxb5 53. Rh4+ Ke5 54. Rf4 Rb2 55. Kh4 Rb3
56. Kh3 Re3 57. Kg2 1/2-1/2

[Event "45th Capablanca Mem Open"]
[Site "Havana CUB"]
[Date "2010.06.19"]
[Round "9"]
[White "Llorente,J"]
[Black "Boada,W"]
[Result "0-1"]
[WhiteElo "2295"]
[BlackElo "2266"]
[EventDate "2010.06.10"]

1. d4 Nf6 2. c4 c5 3. Nf3 cxd4 4. Nxd4 e5 5. Nb3 b5 6. cxb5 d5 7. g3 a6 8.
bxa6 Bb4+ 9. Bd2 Bxd2+ 10. N1xd2 e4 11. e3 h5 12. h3 h4 13. g4 Nbd7 14. Nd4
Ne5 15. b4 O-O 16. Qb3 Bxa6 17. b5 Bc8 18. Qb4 Bxg4 19. a4 Bd7 20. N2b3 Rc8
21. a5 Rc4 22. Qd6 Nd3+ 23. Bxd3 exd3 24. Nd2 Rxd4 25. Qc5 Re4 26. Nxe4
Nxe4 27. Qd4 d2+ 0-1

[Event "45th Capablanca Mem Open"]
[Site "Havana CUB"]
[Date "2010.06.19"]
[Round "9"]
[White "Gil Suarez,J"]
[Black "Osorio,F"]
[Result "1-0"]
[WhiteElo "1752"]
[BlackElo "2232"]
[EventDate "2010.06.10"]

1. d4 f5 2. Bg5 Nf6 3. Bxf6 exf6 4. e3 d5 5. c4 Bb4+ 6. Nc3 c6 7. Qb3 Bxc3+
8. bxc3 O-O 9. Nh3 Kh8 10. cxd5 g5 11. dxc6 Nxc6 12. Bd3 f4 13. exf4 Bxh3
14. gxh3 Re8+ 15. Kf1 Qd7 16. f5 Re7 17. Rg1 Na5 18. Qc2 Qc7 19. Rg3 Rc8
20. Be4 Qf4 21. Bd5 Rd8 22. Be6 Rc7 23. Qd3 Nc6 24. Qe3 Qd6 25. Qe4 Ne7 26.
h4 Qf4 27. Re1 Qxh4 28. Qg2 Ng8 29. Rg4 Qh5 30. c4 Nh6 31. Rge4 g4 32. Qg3
Rg7 33. Qf4 g3 34. Qh4 Qf3 35. hxg3 Ng4 36. R1e2 h5 1-0

[Event "45th Capablanca Mem Open"]
[Site "Havana CUB"]
[Date "2010.06.19"]
[Round "9"]
[White "Arribas Robaina,M"]
[Black "Romero Nunez,Wendy"]
[Result "1-0"]
[WhiteElo "2326"]
[BlackElo "2125"]
[EventDate "2010.06.10"]

1. e4 c5 2. Nf3 e6 3. c3 d5 4. exd5 Qxd5 5. d4 Nf6 6. Be3 Be7 7. dxc5 Qxd1+
8. Kxd1 Ng4 9. Bd4 Nc6 10. Bb5 O-O 11. Bxc6 bxc6 12. h3 Nf6 13. Nbd2 Rd8
14. Kc2 Nd7 15. b4 f6 16. Nb3 e5 17. Be3 Nf8 18. Rad1 Bf5+ 19. Kb2 g5 20.
Nfd2 Bd3 21. Na5 Rac8 22. Ndc4 Ng6 23. Nd6 Bxd6 24. Rxd3 Bc7 25. Rxd8+ Bxd8
26. Nc4 Ne7 27. Nd6 Rb8 28. Rd1 Nd5 29. a3 a5 30. Kb3 Bc7 31. Kc4 Ne7 32.
Ne4 Kf7 33. Rd7 Bd8 34. Rd6 h6 35. Rxf6+ Kg7 36. Rd6 Rc8 37. a4 1-0

[Event "45th Capablanca Mem Open"]
[Site "Havana CUB"]
[Date "2010.06.19"]
[Round "9"]
[White "Zavarce,Oscar Enrique"]
[Black "Lebredo Zaragoitia,G"]
[Result "1/2-1/2"]
[WhiteElo "2124"]
[BlackElo "2262"]
[EventDate "2010.06.10"]

1. e4 e6 2. d4 d5 3. Nc3 Bb4 4. e5 Ne7 5. Bd2 b6 6. a3 Bxc3 7. Bxc3 Ba6 8.
Bxa6 Nxa6 9. f4 c5 10. Nf3 Nb8 11. Qe2 Nbc6 12. Rd1 Rc8 13. Qf2 Nf5 14. O-O
h5 15. dxc5 bxc5 16. Qxc5 Ncd4 17. Qxa7 Ne2+ 18. Kh1 Nxc3 19. bxc3 Rxc3 20.
Rd3 Rc7 21. Qf2 Qc8 22. Rc1 Qa6 23. Rb1 O-O 24. h3 Rfc8 25. Rb2 Qa4 26. Nd4
Nxd4 27. Rxd4 Qxa3 28. Rdb4 Qa1+ 29. Rb1 Qc3 30. R1b2 Qc5 1/2-1/2

[Event "45th Capablanca Mem Open"]
[Site "Havana CUB"]
[Date "2010.06.19"]
[Round "9"]
[White "Lorenzana,W"]
[Black "Rincon Gonzalez,Lu"]
[Result "1-0"]
[WhiteElo "2218"]
[BlackElo "1900"]
[EventDate "2010.06.10"]

1. e4 e5 2. Bc4 Nf6 3. d3 d5 4. exd5 Nxd5 5. Nf3 Nc6 6. O-O Be7 7. Re1 Bf6
8. Nbd2 O-O 9. Ne4 Nb6 10. Bb3 h6 11. h3 Bf5 12. c3 Bxe4 13. Rxe4 Qd6 14.
Qe2 Nd7 15. Be3 Nc5 16. Bxc5 Qxc5 17. Ba4 b5 18. Bb3 Rfd8 19. a4 a6 20. Rg4
Qd6 21. Qe4 Kf8 22. Rd1 Na5 23. Bc2 g6 24. Qe2 Bg7 25. d4 exd4 26. Nxd4 Re8
27. Qf3 Kg8 28. axb5 axb5 29. Rf4 Rf8 30. b4 Nc4 31. Nxb5 Ne5 32. Nxd6
Nxf3+ 33. Rxf3 cxd6 34. c4 Rac8 35. Bb3 Rc6 36. b5 Rb6 37. Rfd3 Be5 38. g3
g5 39. Rd5 Re8 40. Bc2 Kg7 41. Bf5 Re7 42. R1d2 Kf6 43. Bg4 Rc7 44. Be2 Ke6
45. Ra2 Bc3 46. Ra8 Rcb7 47. Rc8 Rb8 48. Bg4+ Ke7 49. Rc7+ Kf8 50. Bh5 f6
51. f4 Kg8 52. Kg2 Bb4 53. h4 gxh4 54. gxh4 R8b7 55. Rc8+ Kg7 56. Kf3 Bc5
57. Rd2 f5 58. Rg2+ Kf6 59. Rf8+ 1-0

[Event "45th Capablanca Mem Open"]
[Site "Havana CUB"]
[Date "2010.06.19"]
[Round "9"]
[White "Espinosa Garcia,S"]
[Black "Hernandez Moya,Y"]
[Result "0-1"]
[WhiteElo "2134"]
[BlackElo "2181"]
[EventDate "2010.06.10"]

1. d4 d5 2. c4 e6 3. cxd5 exd5 4. Nc3 c6 5. Bf4 Nf6 6. e3 Bf5 7. Nf3 Qb6 8.
Qc1 Nbd7 9. h3 h6 10. Be2 Be7 11. O-O Ne4 12. Na4 Qa5 13. Bd1 g5 14. Bh2 h5
15. a3 g4 16. b4 Qa6 17. hxg4 hxg4 18. Nd2 c5 19. Bf4 Nxd2 20. Qxd2 Rh1+
21. Kxh1 Qxf1+ 22. Kh2 Rd8 23. Kg3 Qh1 24. Be5 Qh4+ 25. Kf4 g3+ 0-1

[Event "45th Capablanca Mem Open"]
[Site "Havana CUB"]
[Date "2010.06.19"]
[Round "9"]
[White "Fleites Marti,Y"]
[Black "Ubaldo Suarez,M"]
[Result "1-0"]
[WhiteElo "2168"]
[BlackElo "2041"]
[EventDate "2010.06.10"]

1. e4 c5 2. Nf3 d6 3. d4 cxd4 4. Qxd4 Nc6 5. Bb5 Bd7 6. Bxc6 bxc6 7. O-O
Qb6 8. Qd3 g6 9. Nbd2 Bg7 10. Nc4 Qb7 11. Qxd6 Be6 12. Na5 exd6 13. Nxb7 d5
14. Nc5 d4 15. Bf4 Ne7 16. h3 Bc4 17. Rfe1 O-O 18. Rad1 f5 19. e5 Nd5 20.
Rxd4 Nxf4 21. Rxc4 Nd5 22. Ne6 Rfc8 23. Nxg7 Kxg7 24. Nd4 Ne7 25. Ne6+ Kf7
26. Ng5+ Kg7 27. Rd4 h6 28. Rd7 hxg5 29. Rxe7+ Kf8 30. Rh7 1-0

[Event "45th Capablanca Mem Open"]
[Site "Havana CUB"]
[Date "2010.06.19"]
[Round "9"]
[White "Zepeda,S"]
[Black "Corrales Jimenez,Z"]
[Result "1/2-1/2"]
[WhiteElo "2107"]
[BlackElo "2166"]
[EventDate "2010.06.10"]

1. e4 c5 2. Nf3 d6 3. d4 cxd4 4. Nxd4 Nf6 5. Nc3 g6 6. f3 Bg7 7. Be3 O-O 8.
Bc4 Nc6 9. Qd2 Bd7 10. O-O-O Rb8 11. h4 Na5 12. Bb3 b5 13. g4 Nxb3+ 14.
Nxb3 Be6 15. h5 b4 16. Nd5 Bxd5 17. exd5 Rb5 18. hxg6 fxg6 19. Qh2 Qa8 20.
g5 Nh5 21. Qh3 Qc8 22. Qxc8 Rxc8 23. Bxa7 Nf4 24. Rhe1 Nxd5 25. Bd4 Bxd4
26. Rxd4 Rf8 27. Nd2 Rf5 28. Rg4 Rb7 29. Ree4 Ra7 30. Kb1 e5 31. Rc4 Kf7
32. Rc6 Ke7 33. Rc8 Rb7 34. Rh8 Ke6 35. Rg3 Rbf7 36. Ra8 e4 37. Re8+ Ne7
38. Nxe4 Rxf3 39. Rxf3 Rxf3 40. Kc1 Rf5 41. Kd2 d5 42. Nc5+ Kd6 43. Nb7+
Ke6 44. Nc5+ 1/2-1/2

[Event "45th Capablanca Mem Open"]
[Site "Havana CUB"]
[Date "2010.06.19"]
[Round "9"]
[White "Romero Echeverria,A"]
[Black "Gonzalez Vega,A"]
[Result "1/2-1/2"]
[WhiteElo "2054"]
[BlackElo "2291"]
[EventDate "2010.06.10"]

1. e4 e6 2. d4 d5 3. e5 c5 4. c3 Nc6 5. Nf3 Qb6 6. Be2 Nh6 7. Bxh6 gxh6 8.
Qd2 Bg7 9. O-O O-O 10. Na3 cxd4 11. cxd4 a6 12. Nc2 f6 13. exf6 Rxf6 14. b4
Bd7 15. a4 Rff8 16. Rab1 Ne7 17. a5 Qa7 18. Ne5 Be8 19. Bd3 Nc8 20. Rfe1
Kh8 21. Ng4 Bd7 22. Qe3 Nd6 23. Nxh6 Bb5 24. Bxb5 Nxb5 25. Qxe6 Rf6 26.
Nf7+ Kg8 27. Nh6+ Kh8 28. Nf7+ 1/2-1/2

[Event "45th Capablanca Mem Open"]
[Site "Havana CUB"]
[Date "2010.06.19"]
[Round "9"]
[White "Zepeda,L"]
[Black "Rincon Gonzalez,Li"]
[Result "1-0"]
[WhiteElo "2152"]
[BlackElo "1847"]
[EventDate "2010.06.10"]

1. e4 c5 2. Nf3 Nc6 3. d4 cxd4 4. Nxd4 g6 5. c4 Bg7 6. Be3 Nf6 7. Nc3 d6 8.
Be2 O-O 9. O-O Bd7 10. Nc2 a5 11. f3 Rc8 12. Qd2 Ne5 13. b3 Qc7 14. Rac1
Bc6 15. Nd4 Rfe8 16. Nd5 Qd8 17. Nxc6 bxc6 18. Bb6 Qd7 19. Nxf6+ Bxf6 20.
Bxa5 Qa7+ 21. Kh1 Ra8 22. Bc3 Qxa2 23. Qd1 Qa7 24. b4 Qb6 25. f4 Nd7 26. e5
Bg7 27. c5 Qb8 28. Bg4 Nf8 29. cxd6 exd6 30. Qxd6 h5 31. Qxb8 Raxb8 32. Bf3
Rec8 33. Bd2 Ne6 34. Rxc6 Rd8 35. Rc2 Nd4 36. Rb2 Nxf3 37. gxf3 Bf8 38. f5
Rd4 39. fxg6 fxg6 40. f4 Rbd8 41. Rf2 Rb8 42. Rf3 Rbd8 43. Bc3 Rc4 44. Kg2
Bh6 45. Bd2 Bg7 46. b5 g5 47. b6 Rb8 48. b7 Rc7 49. Rfb3 gxf4 50. Bxf4 Rf7
51. Bg3 h4 52. e6 hxg3 53. exf7+ Kxf7 54. Rc2 1-0

[Event "45th Capablanca Mem Open"]
[Site "Havana CUB"]
[Date "2010.06.19"]
[Round "9"]
[White "Guillen Ramirez,J"]
[Black "Herrera Sosa,J"]
[Result "1-0"]
[WhiteElo "2223"]
[BlackElo "1971"]
[EventDate "2010.06.10"]

1. e4 c5 2. Nf3 d6 3. d4 cxd4 4. Nxd4 Nf6 5. Nc3 a6 6. f4 e6 7. Qf3 Qc7 8.
Bd3 Be7 9. Be3 Nbd7 10. g4 Nb6 11. g5 Nfd7 12. O-O-O Nc4 13. Bxc4 Qxc4 14.
f5 Ne5 15. Qh5 g6 16. Qh3 Bd7 17. f6 Bd8 18. Nf3 Nxf3 19. Qxf3 Ba5 20. Rd4
Qc7 21. Rd3 O-O-O 22. Rhd1 Bc6 23. Bf4 e5 24. Be3 Kb8 25. Nd5 Bxd5 26. Rxd5
Bb4 27. Qf2 Qc4 28. a3 Rc8 29. axb4 Qa2 30. Ra5 Qc4 31. Qd2 Qxe4 32. Qxd6+
Rc7 33. Bc5 Rhc8 34. Qb6 Rc6 35. Qa7+ Kc7 1-0

[Event "45th Capablanca Mem Open"]
[Site "Havana CUB"]
[Date "2010.06.20"]
[Round "10"]
[White "Obregon Rivero,J"]
[Black "Jimenez Fraga,P"]
[Result "1/2-1/2"]
[WhiteElo "2410"]
[BlackElo "2460"]
[EventDate "2010.06.10"]

1. d4 Nf6 2. c4 g6 3. Nf3 Bg7 4. g3 O-O 5. Bg2 d6 6. O-O Nc6 7. Nc3 Bd7 8.
b3 a6 9. Bb2 Rb8 10. h3 b5 11. cxb5 axb5 12. d5 Na5 13. Nd4 b4 14. Na4 e5
15. Nc6 Nxc6 16. dxc6 Be6 17. Kh2 Rb5 18. Qd3 Ra5 19. e4 Qa8 20. Rac1 Bc8
21. Qd2 Ba6 22. Rfe1 Bb5 23. Qxb4 Bxa4 24. bxa4 Rxa4 25. Qc3 Rxa2 26. Ra1
Rxa1 27. Rxa1 Qb8 28. Qc2 Qb6 29. Bc1 Rb8 30. Be3 Qb4 31. Ra4 Qb5 32. Ra7
Ne8 33. h4 Bf6 34. Ra1 Ng7 35. Bf1 Qb4 36. Ra4 Qe1 37. Kg1 Ne6 38. Bd2 Qb1
39. Qxb1 Rxb1 40. Bh6 Rb8 41. Ra7 Bd8 42. Bc4 Nd4 43. Bd5 Ne2+ 44. Kg2 Nc3
45. Rb7 Ra8 46. Be3 Kf8 47. Ba7 Ke8 48. f3 f5 49. Kh3 Nxd5 50. exd5 Rc8 51.
Bb8 Kf7 52. g4 fxg4+ 53. fxg4 Kf6 54. Kg3 h5 55. Ba7 hxg4 56. Kxg4 Ra8 57.
Bf2 Ra4+ 58. Kh3 Ra5 59. Rb8 Be7 60. Rc8 Rxd5 61. Rxc7 Rd3+ 62. Kg2 Rc3 63.
h5 1/2-1/2

[Event "45th Capablanca Mem Open"]
[Site "Havana CUB"]
[Date "2010.06.20"]
[Round "10"]
[White "Delgado Ramos,H"]
[Black "Garcia Pantoja,R"]
[Result "1-0"]
[WhiteElo "2414"]
[BlackElo "2378"]
[EventDate "2010.06.10"]

1. e4 d6 2. d4 Nf6 3. Nc3 g6 4. Be3 Bg7 5. Qd2 Ng4 6. Bg5 h6 7. Bh4 Nd7 8.
O-O-O c5 9. dxc5 g5 10. Bg3 Nxc5 11. f3 Ne5 12. h4 gxh4 13. Bf2 Qa5 14. Kb1
Be6 15. Bd4 Rc8 16. a3 Na4 17. Nd5 Qxd2 18. Rxd2 Bxd5 19. exd5 O-O 20. Rxh4
Nb6 21. Bxb6 axb6 22. Rb4 Nd7 23. g3 Rc5 24. f4 Rb8 25. c3 Kf8 26. Ne2 Bf6
27. Bh3 Ke8 28. Nc1 b5 29. Bf1 Kd8 30. Nb3 Rc7 31. Rxb5 Nc5 32. Na5 Ra8 33.
Bh3 Ne4 34. Re2 Nc5 35. Re3 h5 36. Kc2 Ke8 37. b4 Na4 38. c4 Nb2 39. Kb3 b6
40. Rxb6 Bd4 41. Rc6 Rxc6 42. Nxc6 Bxe3 43. Kxb2 Ra6 44. Kb3 Bf2 45. a4 Be1
46. a5 Rxc6 47. dxc6 Kd8 48. Ka4 Kc7 49. b5 Bf2 50. Bg2 f5 51. b6+ Bxb6 52.
axb6+ Kxb6 53. Kb3 e5 54. c5+ 1-0

[Event "45th Capablanca Mem Open"]
[Site "Havana CUB"]
[Date "2010.06.20"]
[Round "10"]
[White "Rasmussen,Kar"]
[Black "Alvarez Pedraza,A"]
[Result "1-0"]
[WhiteElo "2428"]
[BlackElo "2500"]
[EventDate "2010.06.10"]

1. d4 Nf6 2. Nf3 e6 3. c4 Bb4+ 4. Bd2 a5 5. Nc3 b6 6. e3 Bb7 7. Bd3 O-O 8.
O-O d5 9. a3 Be7 10. cxd5 exd5 11. Ne5 c5 12. Rc1 Nc6 13. f4 cxd4 14. Nxc6
Bxc6 15. exd4 Ne4 16. Be3 Nd6 17. Qf3 Ne8 18. f5 Bf6 19. Ne2 Qd7 20. Nf4
Rd8 21. Rf2 Ba8 22. Nh5 Kh8 23. Qg4 Rg8 24. Rf3 Be7 25. Rh3 g5 26. Qe2 f6
27. Bb5 Qa7 28. Bf2 Nd6 29. Re3 Ne4 30. Ng3 Bd6 31. Nxe4 dxe4 32. Bc4 Bf4
33. Bxg8 Kxg8 34. Bg3 Bxe3+ 35. Qxe3 Qd7 36. Qb3+ Qd5 37. Qxb6 e3 38. Qe6+
Qxe6 39. fxe6 Re8 40. Rc3 Bd5 41. Rxe3 Rxe6 42. Rxe6 Bxe6 43. b4 axb4 44.
axb4 Bc4 45. Bc7 Kf7 46. Kf2 Ke6 47. Bd8 h6 48. Ke3 f5 49. g3 Bb5 50. Bc7
Kd5 51. h4 gxh4 52. gxh4 h5 53. Bb6 Bc4 54. Kf4 Be2 55. Kxf5 Kc6 56. Bc5
Kd5 57. Kg5 Kc6 58. Kg6 Bf3 59. Kf6 Kd5 60. Ke7 Bg4 61. b5 Be2 62. b6 Kc6
63. d5+ 1-0

[Event "45th Capablanca Mem Open"]
[Site "Havana CUB"]
[Date "2010.06.20"]
[Round "10"]
[White "De la Paz Perdomo,F"]
[Black "Morales Romero,P"]
[Result "0-1"]
[WhiteElo "2477"]
[BlackElo "2420"]
[EventDate "2010.06.10"]

1. b3 e5 2. Bb2 Nc6 3. e3 d6 4. Nf3 f5 5. d4 e4 6. d5 Nb8 7. Nd4 a6 8. h4
Nf6 9. h5 Be7 10. c4 c5 11. Ne6 Bxe6 12. dxe6 O-O 13. Nc3 Nc6 14. Qd2 Rb8
15. Rd1 f4 16. Nd5 fxe3 17. Qxe3 Nxd5 18. cxd5 Bg5 19. Qxe4 Qa5+ 20. b4
Nxb4 21. Bc3 Qxa2 22. f3 Nc2+ 23. Kf2 Ne3+ 24. Be2 Nxd1+ 25. Rxd1 Rf4 26.
Qb1 Qxb1 27. Rxb1 b5 28. h6 Bxh6 29. Ba5 Rd4 30. g3 Bd2 31. Bc7 Rc8 32.
Bxd6 Rxd5 33. Be7 c4 34. Ba3 c3 35. e7 Kf7 36. Rh1 h6 37. f4 c2 38. Bf3 Rd3
39. Bg4 Rxa3 0-1

[Event "45th Capablanca Mem Open"]
[Site "Havana CUB"]
[Date "2010.06.20"]
[Round "10"]
[White "Borges Mateos,J"]
[Black "Ortega,Mariano"]
[Result "1/2-1/2"]
[WhiteElo "2468"]
[BlackElo "2412"]
[EventDate "2010.06.10"]

1. e4 e5 2. Nf3 Nc6 3. Bb5 Nf6 4. O-O Nxe4 5. d4 Nd6 6. Bxc6 dxc6 7. dxe5
Nf5 8. Qxd8+ Kxd8 9. Nc3 Ne7 10. b3 Ng6 11. Bb2 h6 1/2-1/2

[Event "45th Capablanca Mem Open"]
[Site "Havana CUB"]
[Date "2010.06.20"]
[Round "10"]
[White "Fernandez Cardoso,A"]
[Black "Martinez Duany,L"]
[Result "0-1"]
[WhiteElo "2416"]
[BlackElo "2515"]
[EventDate "2010.06.10"]

1. e4 c5 2. Nf3 Nc6 3. d4 cxd4 4. Nxd4 g6 5. Nc3 Bg7 6. Be3 Nf6 7. f3 O-O
8. g4 d5 9. g5 Nh5 10. exd5 Nxd4 11. Bxd4 e5 12. Be3 Nf4 13. h4 Bf5 14. Qd2
Rc8 15. O-O-O Qa5 16. Kb1 Rfd8 17. Bxf4 exf4 18. Ne4 Qc7 19. c4 b5 20. Bh3
Bxh3 21. Rxh3 bxc4 22. Rh2 Qe5 23. Re2 Qf5 24. Ka1 Rb8 25. Nc3 Rb6 26. d6
Qd7 27. Re7 Qxd6 28. Qe1 Bd4 29. Re4 Qb4 30. Qe2 Bxc3 31. Rxd8+ Kg7 32. Kb1
Bxb2 33. Rxc4 Qa3 34. Kc2 Qxa2 35. Kd1 Qb1+ 36. Kd2 Bd4 37. Qd1 Qa2+ 38.
Qc2 Qa5+ 39. Kd3 Rb2 40. Rdxd4 Rxc2 41. Kxc2 Qa2+ 42. Kd3 Qb3+ 43. Rc3 Qd1+
44. Kc4 Qe2+ 45. Kb3 Qe6+ 46. Rcc4 Qe3+ 47. Kb4 Qe1+ 48. Kb3 Qxh4 49. Rxf4
Qxg5 50. Kc2 h5 51. Kd3 Qd5+ 52. Ke2 g5 53. Rfe4 Kg6 54. Kf2 Qd2+ 55. Re2
Qd6 56. Rcc2 h4 57. Kf1 Qg3 58. Rf2 h3 59. Ra2 a5 60. Rab2 h2 61. Rxh2
Qxf3+ 62. Rhf2 Qd3+ 63. Kg1 Qd1+ 64. Kg2 f5 65. Rb6+ Kh5 66. Rb5 Qg4+ 67.
Kh1 Qe4+ 68. Kg1 f4 69. Rg2 Qe3+ 70. Kh2 f3 71. Rgb2 Qf4+ 72. Kg1 Qd4+ 73.
Kf1 Kh4 74. R5b3 g4 75. Rh2+ Kg3 0-1

[Event "45th Capablanca Mem Open"]
[Site "Havana CUB"]
[Date "2010.06.20"]
[Round "10"]
[White "Gomez Fontal,F"]
[Black "Fernando,D"]
[Result "0-1"]
[WhiteElo "2376"]
[BlackElo "2494"]
[EventDate "2010.06.10"]

1. d4 Nf6 2. Nf3 d6 3. h3 g6 4. c4 Bg7 5. Nc3 O-O 6. Bf4 b6 7. e3 Bb7 8.
Be2 Nbd7 9. Qc2 e5 10. Bh2 Qe7 11. O-O Rfe8 12. Rfe1 exd4 13. Nxd4 Nc5 14.
Bf3 Nce4 15. Rad1 a6 16. Nb3 Nxc3 17. Bxb7 Nxd1 18. Bxa8 Rxa8 19. Rxd1 Qe4
20. Qxe4 Nxe4 21. Nd4 Kf8 22. f3 Nc5 23. b3 Ke7 24. Nc6+ Kd7 25. Ne5+ Ke6
26. Nc6 b5 27. cxb5 axb5 28. Nb4 Kd7 29. e4 Kc8 30. Rc1 Bd4+ 31. Kf1 Kb7
32. Rc2 Ne6 33. Ke2 Bc5 0-1

[Event "45th Capablanca Mem Open"]
[Site "Havana CUB"]
[Date "2010.06.20"]
[Round "10"]
[White "Alonso Moyano,J"]
[Black "Abreu Delgado,A"]
[Result "1/2-1/2"]
[WhiteElo "2399"]
[BlackElo "2482"]
[EventDate "2010.06.10"]

1. e4 c5 2. Nf3 d6 3. d4 cxd4 4. Nxd4 Nf6 5. Nc3 a6 6. Bg5 e6 7. f4 Qb6 8.
Qd2 Nc6 9. Bxf6 gxf6 10. Nb3 Bd7 11. O-O-O O-O-O 12. Kb1 Kb8 13. Be2 Rg8
14. Bf3 Na5 15. Nxa5 Qxa5 16. Rhe1 Rc8 17. Re3 Rc7 18. Rd3 Be7 19. Ne2 Qxd2
1/2-1/2

[Event "45th Capablanca Mem Open"]
[Site "Havana CUB"]
[Date "2010.06.20"]
[Round "10"]
[White "Escobar Forero,A"]
[Black "Leyva Rivera,Y"]
[Result "1-0"]
[WhiteElo "2474"]
[BlackElo "2384"]
[EventDate "2010.06.10"]

1. e4 c5 2. Nf3 d6 3. d4 cxd4 4. Nxd4 Nf6 5. Nc3 Nc6 6. Nb3 g6 7. Be2 Bg7
8. O-O O-O 9. Re1 Be6 10. Bg5 Rc8 11. Bf1 Re8 12. Nd5 Bxd5 13. exd5 Nb4 14.
c4 b5 15. a3 bxc4 16. axb4 cxb3 17. Bb5 Rf8 18. Bc6 Rc7 19. b5 Qb8 20. Ra3
h6 21. Be3 Nd7 22. Qxb3 Ne5 23. Rea1 Ng4 24. b6 Rxc6 25. dxc6 axb6 26. Qxb6
Qc8 27. Ra8 Qf5 28. Rxf8+ Bxf8 29. c7 Qe5 30. g3 Qe4 31. Qd4 Qf5 32. Ra8 e5
33. Qxg4 Qxg4 34. c8=Q 1-0